000 01016cam a2200133 4500500
005 20251214002559.0
041 _afre
042 _adc
100 1 0 _aReuter, Yves
_eauthor
245 0 0 _aLe Roman policier
260 _bArmand Colin,
_c2017.
520 _aLe roman policier a, tout au long du XXe siècle, élargi son lectorat, conquis ses lettres de noblesse et diversifié ses formes. Cet ouvrage commence par raconter la naissance et l’histoire du genre : d’où vient-il ? Comment a-t-il gagné son autonomie dans le domaine romanesque ? Puis il distingue le roman noir, le roman à énigme et le roman à suspense : comment les identifier à partir de leurs structures, actions, personnages et procédés stylistiques ? Enfin il examine les relations du roman policier avec la littérature, au travers de son histoire, de ses auteurs, de ses thèmes et de ses procédés d’écriture.
856 4 1 _uhttps://shs.cairn.info/le-roman-policier--9782200617738?lang=fr&redirect-ssocas=7080
999 _c1567176
_d1567176